| 000 | 00548nam a2200181Ia 4500 | ||
|---|---|---|---|
| 008 | 151202s9999||||xx |||||||||||||| ||und|| | ||
| 082 | _bPNVM-76022 | ||
| 100 | _aप्रभावळकर दिलीप. | ||
| 245 | _aहसगत. | ||
| 260 | _b"राजहंस प्रकाशन,पुणे." | ||
| 260 | _c76022 | ||
| 300 | _a185 | ||
| 600 | _aप्रभावळकर दिलीप. | ||
| 630 | _aहसगत. | ||
| 700 | _aप्रभावळकर दिलीप. | ||
| 730 | _aहसगत. | ||
| 942 | _cBOOK | ||
| 999 |
_c1342681 _d1342678 |
||